[Event "Gligoric Cup 11th"]
[Site "Paracin"]
[Date "2025.05.25"]
[Round "5.3"]
[White "Sarenac, Ivan"]
[Black "Simic, Dragisa"]
[Result "1-0"]
[WhiteElo "2374"]
[BlackElo "2265"]
[PlyCount "63"]
[EventDate "2025.05.22"]
[EventType "team-swiss"]
[EventRounds "5"]
[EventCountry "SRB"]
[SourceTitle "CB22_2025"]
[SourceDate "2025.05.28"]
[SourceVersion "1"]
[SourceVersionDate "2025.05.28"]
[SourceQuality "1"]
[WhiteTeam "Surdulica Radnik"]
[BlackTeam "Kremska Mitrovica Trepca"]
[WhiteTeamCountry "SRB"]
[BlackTeamCountry "SRB"]

1. e4 e6 2. d4 d5 3. Nc3 Nf6 4. e5 Nfd7 5. Nce2 c5 6. c3 Nc6 7. Nf3 Qa5 8. a3 cxd4 9. b4 Qb6 10. cxd4 a5 11. b5 Qxb5 12. Nc3 Qb6 13. Rb1 Qd8 14. Nb5 h6 15. Bd3 a4 16. 0-0 Nb6 17. Nd2 Bd7 18. f4 g6 19. g4 Rc8 20. Kh1 Na5 21. f5 gxf5 22. gxf5 exf5 23. Bxf5 Bxf5 24. Rxf5 Rc6 25. Qh5 Qd7 26. Nf3 Rg8 27. e6 Rxe6 28. Ne5 Reg6 29. Be3 Qc8 30. Nxg6 fxg6 31. Re5+ Kd8 32. Rxd5+ 1-0

[Event "Gligoric Cup 10th"]
[Site "Paracin"]
[Date "2024.05.24"]
[Round "5.2"]
[White "Omorjan, Dejan"]
[Black "Simic, Dragisa"]
[Result "1/2-1/2"]
[WhiteElo "2319"]
[BlackElo "2271"]
[PlyCount "56"]
[EventDate "2024.05.21"]
[EventType "team-swiss"]
[EventRounds "5"]
[EventCountry "SRB"]
[SourceTitle "CBM 220 Extra"]
[Source "ChessBase"]
[SourceDate "2024.07.31"]
[SourceVersion "1"]
[SourceVersionDate "2024.07.31"]
[SourceQuality "1"]
[WhiteTeam "Novi Sad"]
[BlackTeam "Kremska Mitrovica Trepca"]
[WhiteTeamCountry "SRB"]
[BlackTeamCountry "SRB"]

1. d4 c5 2. d5 g6 3. e4 Bg7 4. Nf3 d6 5. Nc3 Nf6 6. Bc4 0-0 7. 0-0 Na6 8. h3 Nc7 9. Re1 e6 10. dxe6 Bxe6 11. Bf1 d5 12. e5 Nd7 13. Bg5 Qb8 14. Be7 d4 15. Ne4 b6 16. Bxf8 Qxf8 17. Neg5 Bd5 18. Qd2 Re8 19. Qf4 h6 20. Ne4 g5 21. Qg3 Nxe5 22. Nf6+ Bxf6 23. Nxe5 Ne6 24. Nd7 Qe7 25. Nxf6+ Qxf6 26. Re5 Rd8 27. Rae1 c4 28. h4 Kf8 1/2-1/2

[Event "SRB-ch Blitz"]
[Site "Paracin"]
[Date "2022.06.05"]
[Round "10"]
[White "Simic, Dragisa"]
[Black "Popovic, Milan S"]
[Result "0-1"]
[WhiteElo "2290"]
[BlackElo "2383"]
[PlyCount "48"]
[EventDate "2022.06.05"]
[EventType "swiss (blitz)"]
[EventRounds "13"]
[EventCountry "SRB"]
[SourceTitle "CBM 208 Extra"]
[Source "ChessBase"]
[SourceDate "2022.07.31"]
[SourceVersion "1"]
[SourceVersionDate "2022.07.31"]
[SourceQuality "1"]

1. e4 d6 2. d4 Nf6 3. Nc3 e5 4. Nge2 c6 5. a4 Be7 6. g3 0-0 7. Bg2 Nbd7 8. 0-0 b6 9. h3 h5 10. f4 Qc7 11. Kh2 Re8 12. Ng1 Ba6 13. Re1 Rad8 14. Nf3 Bf8 15. Ng5 Bb7 16. Be3 a6 17. fxe5 dxe5 18. d5 h4 19. gxh4 cxd5 20. Nxd5 Bxd5 21. exd5 e4+ 22. Kh1 Qg3 23. Qd2 Bd6 24. Bg1 Qxh4 0-1

[Event "SRB-ch Rapid"]
[Site "Paracin"]
[Date "2022.06.04"]
[Round "6"]
[White "Bogosavljevic, Boban"]
[Black "Simic, Dragisa"]
[Result "1-0"]
[WhiteElo "2527"]
[BlackElo "2290"]
[PlyCount "61"]
[EventDate "2022.06.04"]
[EventType "swiss (rapid)"]
[EventRounds "9"]
[EventCountry "SRB"]
[SourceTitle "CBM 208 Extra"]
[Source "ChessBase"]
[SourceDate "2022.07.31"]
[SourceVersion "1"]
[SourceVersionDate "2022.07.31"]
[SourceQuality "1"]

1. d4 c5 2. d5 g6 3. e4 Bg7 4. Nf3 d6 5. h3 Nf6 6. Nc3 0-0 7. a4 Na6 8. Bc4 Nc7 9. 0-0 b6 10. Re1 Ba6 11. Nb5 Bb7 12. c3 Nce8 13. Bf4 a6 14. Na3 Nc7 15. Qe2 Re8 16. Rad1 Qd7 17. Bd3 Qxa4 18. Nc4 Ncxd5 19. exd5 Nxd5 20. Bg3 Qc6 21. Be4 Nxc3 22. bxc3 Qxe4 23. Qxe4 Bxe4 24. Rxe4 b5 25. Nb6 Rad8 26. Nd5 Rd7 27. Bh4 f6 28. Nxf6+ Bxf6 29. Bxf6 Kf7 30. Ne5+ dxe5 31. Rxd7 1-0

[Event "SRB-chT 1st League CS"]
[Site "Bajina Basta"]
[Date "2021.10.01"]
[Round "9.2"]
[White "Abramovic, Bosko"]
[Black "Simic, Dragisa"]
[Result "1/2-1/2"]
[WhiteElo "2286"]
[BlackElo "2295"]
[PlyCount "39"]
[EventDate "2021.09.26"]
[EventType "team-tourn"]
[EventRounds "11"]
[EventCountry "SRB"]
[SourceTitle "EXT 2023"]
[Source "ChessBase"]
[SourceDate "2022.10.05"]
[SourceVersion "1"]
[SourceVersionDate "2022.10.05"]
[SourceQuality "1"]
[WhiteTeam "Kraljevo Sloga"]
[BlackTeam "Kosovska Mitrovica"]
[WhiteTeamCountry "SRB"]
[BlackTeamCountry "SRB"]

1. Nf3 Nf6 2. g3 g6 3. Bg2 Bg7 4. 0-0 0-0 5. c4 d6 6. d4 Nc6 7. Nc3 a6 8. b3 Rb8 9. Bb2 b5 10. cxb5 axb5 11. d5 Na5 12. Nd4 b4 13. Nb1 Bb7 14. Nc2 c5 15. e4 Re8 16. Re1 e6 17. dxe6 Rxe6 18. Nd2 Qe8 19. Ne3 Rd8 20. Nd5 1/2-1/2

[Event "SRB-chT 1st League CS"]
[Site "Bajina Basta"]
[Date "2021.10.01"]
[Round "8.2"]
[White "Simic, Dragisa"]
[Black "Ilincic, Zlatko"]
[Result "1/2-1/2"]
[WhiteElo "2295"]
[BlackElo "2381"]
[PlyCount "55"]
[EventDate "2021.09.26"]
[EventType "team-tourn"]
[EventRounds "11"]
[EventCountry "SRB"]
[SourceTitle "EXT 2023"]
[Source "ChessBase"]
[SourceDate "2022.10.05"]
[SourceVersion "1"]
[SourceVersionDate "2022.10.05"]
[SourceQuality "1"]
[WhiteTeam "Kosovska Mitrovica"]
[BlackTeam "Gornji Milanovac Metalac"]
[WhiteTeamCountry "SRB"]
[BlackTeamCountry "SRB"]

1. e4 e5 2. Nf3 Nf6 3. Nc3 Bb4 4. Nxe5 Qe7 5. Nd3 Bxc3 6. dxc3 Qxe4+ 7. Be2 d6 8. 0-0 0-0 9. Nf4 Qf5 10. Bd3 Qg4 11. f3 Qd7 12. Qe1 Nc6 13. Qh4 h6 14. Be3 Ne5 15. Bd4 c5 16. Bxe5 dxe5 17. Nh5 Nxh5 18. Qxh5 Qc7 19. b3 Bd7 20. Rfe1 Rae8 21. Re3 f5 22. a4 Kh7 23. Rd1 g6 24. Qh4 Bc6 25. Bb5 Bxb5 26. axb5 Rf7 27. Rd5 Rfe7 28. Qc4 1/2-1/2

[Event "SRB-chT 2nd League West"]
[Site "Kragujevac"]
[Date "2019.10.06"]
[Round "11.2"]
[White "Simic, Dragisa"]
[Black "Suljovic, Sulejman"]
[Result "1-0"]
[WhiteElo "2289"]
[BlackElo "2262"]
[PlyCount "104"]
[EventDate "2019.09.06"]
[EventType "team-tourn"]
[EventRounds "11"]
[EventCountry "SRB"]
[SourceTitle "EXT 2020"]
[Source "ChessBase"]
[SourceDate "2019.10.17"]
[SourceVersion "1"]
[SourceVersionDate "2019.10.17"]
[SourceQuality "1"]
[WhiteTeam "Kosovska Mitrovica"]
[BlackTeam "Tutin"]
[WhiteTeamCountry "SRB"]
[BlackTeamCountry "SRB"]

1. e4 e6 2. d4 d5 3. exd5 exd5 4. Nf3 Nc6 5. Bb5 Bd6 6. c4 Bd7 7. c5 Be7 8. Nc3 Bg4 9. Qa4 Bd7 10. Nxd5 a6 11. Bf4 Rc8 12. Be2 Nf6 13. Nc3 0-0 14. d5 Ne5 15. c6 Nxf3+ 16. Bxf3 b5 17. Qxa6 Bg4 18. Bxg4 Nxg4 19. Qxb5 Bd6 20. Bxd6 Re8+ 21. Kf1 Qxd6 22. Qc4 Ne5 23. Qf4 Rb8 24. b3 Rb4 25. Qe3 Re7 26. Re1 Nxc6 27. Qc1 Ne5 28. g3 h5 29. Qd1 Qf6 30. Kg2 h4 31. Rhf1 Ng6 32. Rxe7 Nxe7 33. Re1 Rd4 34. Qe2 Nxd5 35. Nxd5 Rxd5 36. Qe8+ Kh7 37. Qe4+ Qf5 38. Qxh4+ Kg6 39. Re4 f6 40. Qg4+ Qxg4 41. Rxg4+ Kf7 42. Rc4 c5 43. a4 Ke6 44. a5 Rd3 45. Rxc5 Rxb3 46. Rc6+ Kf5 47. h4 Ra3 48. Ra6 Kg4 49. Ra8 g6 50. a6 Ra2 51. a7 Kf5 52. g4+ Kxg4 1-0

[Event "SRB-chT Central"]
[Site "Kragujevac"]
[Date "2018.09.17"]
[Round "5.6"]
[White "Radovanovic, Nikola"]
[Black "Simic, Dragisa"]
[Result "1/2-1/2"]
[WhiteElo "2420"]
[BlackElo "2299"]
[PlyCount "47"]
[EventDate "2018.09.14"]
[EventType "team-tourn"]
[EventRounds "11"]
[EventCountry "SRB"]
[SourceTitle "CBM 186 Extra"]
[Source "ChessBase"]
[SourceDate "2018.08.24"]
[SourceVersion "1"]
[SourceVersionDate "2018.08.24"]
[SourceQuality "1"]
[WhiteTeam "Kragujevac Radnicki"]
[BlackTeam "Kosovska Mitrovica"]
[WhiteTeamCountry "SRB"]
[BlackTeamCountry "SRB"]

1. e4 c5 2. Nf3 d6 3. d4 cxd4 4. Nxd4 Nf6 5. Nc3 g6 6. Be3 Bg7 7. f3 0-0 8. Qd2 Nc6 9. g4 Bd7 10. 0-0-0 Ne5 11. h4 Qa5 12. Kb1 Rfc8 13. h5 Rxc3 14. Qxc3 Qxc3 15. bxc3 Nxf3 16. Nxf3 Bxg4 17. Bg2 Nxe4 18. Rd3 Nxc3+ 19. Kc1 Bf5 20. Kd2 Ne4+ 21. Kd1 Ng3 22. Rb3 Nxh1 23. Bxh1 Be4 24. h6 1/2-1/2

[Event "SRB-chT Central"]
[Site "Kragujevac"]
[Date "2018.09.15"]
[Round "2.2"]
[White "Zajic, Milan"]
[Black "Simic, Dragisa"]
[Result "1-0"]
[WhiteElo "2497"]
[BlackElo "2299"]
[PlyCount "51"]
[EventDate "2018.09.14"]
[EventType "team-tourn"]
[EventRounds "11"]
[EventCountry "SRB"]
[SourceTitle "CBM 186 Extra"]
[Source "ChessBase"]
[SourceDate "2018.08.24"]
[SourceVersion "1"]
[SourceVersionDate "2018.08.24"]
[SourceQuality "1"]
[WhiteTeam "Pozega"]
[BlackTeam "Kosovska Mitrovica"]
[WhiteTeamCountry "SRB"]
[BlackTeamCountry "SRB"]

1. e4 c5 2. Nf3 d6 3. Bb5+ Bd7 4. Bxd7+ Qxd7 5. 0-0 Nf6 6. Re1 Nc6 7. c3 e6 8. d4 cxd4 9. cxd4 d5 10. e5 Ne4 11. Nbd2 Nxd2 12. Bxd2 Be7 13. h4 0-0 14. Rc1 Rac8 15. Rc3 Bd8 16. h5 h6 17. Rd3 Bb6 18. Bc3 f6 19. exf6 Rxf6 20. b4 Qe8 21. b5 Na5 22. Ne5 Qxb5 23. Ng4 Rf4 24. Rxe6 Rxg4 25. Qxg4 Qxd3 26. Re7 1-0

[Event "SRB-chT Central"]
[Site "Kragujevac"]
[Date "2018.09.14"]
[Round "1.5"]
[White "Simic, Dragisa"]
[Black "Radovanovic, Jovica"]
[Result "1/2-1/2"]
[WhiteElo "2299"]
[BlackElo "2322"]
[PlyCount "47"]
[EventDate "2018.09.14"]
[EventType "team-tourn"]
[EventRounds "11"]
[EventCountry "SRB"]
[SourceTitle "CBM 186 Extra"]
[Source "ChessBase"]
[SourceDate "2018.08.24"]
[SourceVersion "1"]
[SourceVersionDate "2018.08.24"]
[SourceQuality "1"]
[WhiteTeam "Kosovska Mitrovica"]
[BlackTeam "Sabac"]
[WhiteTeamCountry "SRB"]
[BlackTeamCountry "SRB"]

1. e4 c5 2. Nf3 d6 3. d4 cxd4 4. Nxd4 Nf6 5. Nc3 a6 6. f4 Nbd7 7. Be2 Qb6 8. Nb3 g6 9. Qd3 Bg7 10. Be3 Qc7 11. a4 0-0 12. a5 b5 13. axb6 Nxb6 14. 0-0 Be6 15. Na5 Rfc8 16. Bd4 Nc4 17. Nxc4 Bxc4 18. Qe3 Rab8 19. Bxc4 Qxc4 20. Ra4 Qc6 21. e5 Nd5 22. Nxd5 Qxd5 23. Bc3 Qc5 24. Re1 1/2-1/2

[Event "MNT-chT"]
[Site "Montenegro"]
[Date "2017.09.27"]
[Round "5.3"]
[White "Simic, Dragisa"]
[Black "Hera, Imre Jr"]
[Result "0-1"]
[WhiteElo "2306"]
[BlackElo "2619"]
[PlyCount "62"]
[EventDate "2017.09.23"]
[EventType "team"]
[EventRounds "9"]
[EventCountry "MNE"]
[SourceTitle "EXT 2019"]
[Source "ChessBase"]
[SourceDate "2018.10.10"]
[SourceVersion "1"]
[SourceVersionDate "2018.10.10"]
[SourceQuality "1"]
[WhiteTeam "Kotor"]
[BlackTeam "Buducnost"]
[WhiteTeamCountry "MNE"]
[BlackTeamCountry "MNE"]

1. Nf3 c5 2. g3 Nc6 3. Bg2 d5 4. 0-0 Nf6 5. d3 e6 6. c4 d4 7. e3 Be7 8. exd4 cxd4 9. Re1 0-0 10. Na3 Re8 11. Nc2 Bf8 12. Rb1 a5 13. a3 a4 14. Bg5 h6 15. Bxf6 Qxf6 16. b4 axb3 17. Rxb3 Ra7 18. Qe2 Bc5 19. Nb4 Rxa3 20. Nd5 Qd8 21. Rxa3 Bxa3 22. h4 Bd6 23. h5 Bd7 24. Nf4 Qc7 25. Qb2 Rb8 26. Nxd4 Nxd4 27. Qxd4 e5 28. Nd5 exd4 29. Nxc7 Bxc7 30. Re7 Rd8 31. Bd5 Ba5 0-1

[Event "MNT-chT"]
[Site "Montenegro"]
[Date "2017.09.24"]
[Round "2.5"]
[White "Miladinovic, Igor"]
[Black "Simic, Dragisa"]
[Result "1-0"]
[WhiteElo "2535"]
[BlackElo "2306"]
[PlyCount "91"]
[EventDate "2017.09.23"]
[EventType "team"]
[EventRounds "9"]
[EventCountry "MNE"]
[SourceTitle "EXT 2019"]
[Source "ChessBase"]
[SourceDate "2018.10.10"]
[SourceVersion "1"]
[SourceVersionDate "2018.10.10"]
[SourceQuality "1"]
[WhiteTeam "Crnogorac"]
[BlackTeam "Kotor"]
[WhiteTeamCountry "MNE"]
[BlackTeamCountry "MNE"]

1. d4 e6 2. e4 d5 3. Nc3 Nf6 4. e5 Nfd7 5. f4 c5 6. Nf3 Nc6 7. Be3 a6 8. Qd2 b5 9. Bd3 b4 10. Na4 c4 11. Be2 c3 12. Qc1 Qa5 13. b3 Be7 14. 0-0 0-0 15. Bd3 f5 16. exf6 Nxf6 17. Ne5 Qc7 18. Qd1 Ne4 19. Qg4 Rf5 20. Qh3 a5 21. Be2 Ba6 22. Bg4 Bxf1 23. Bxf5 exf5 24. Qxf5 Nxe5 25. Rxf1 Nd2 26. Bxd2 cxd2 27. fxe5 Rf8 28. Qd3 Bg5 29. Rxf8+ Kxf8 30. Nb2 Qf7 31. Nd1 Qh5 32. Qf3+ Qxf3 33. gxf3 Ke7 34. Kf2 Ke6 35. Ke2 Kf5 36. c3 Bf4 37. h3 Bg5 38. cxb4 axb4 39. Nf2 Be7 40. Nd3 Kg5 41. Kxd2 Kh4 42. Ke2 Kg3 43. Nc5 Kxh3 44. Ne6 g5 45. Nc7 h5 46. Nxd5 1-0

[Event "SRB-chT 1st League"]
[Site "Banja Vrujci"]
[Date "2017.09.16"]
[Round "1.3"]
[White "Kojovic, Dragan"]
[Black "Simic, Dragisa"]
[Result "1/2-1/2"]
[WhiteElo "2381"]
[BlackElo "2306"]
[PlyCount "28"]
[EventDate "2017.09.16"]
[EventType "team"]
[EventRounds "11"]
[EventCountry "SRB"]
[SourceTitle "CBM 180 Extra"]
[Source "ChessBase"]
[SourceDate "2017.10.06"]
[SourceVersion "1"]
[SourceVersionDate "2017.10.06"]
[SourceQuality "1"]
[WhiteTeam "Gornji Milanovac Metalac"]
[BlackTeam "Kosovska Mitrovica"]
[WhiteTeamCountry "SRB"]
[BlackTeamCountry "SRB"]

1. e4 e6 2. d4 d5 3. Nc3 Nc6 4. Nf3 Bb4 5. e5 f6 6. Bb5 Qd7 7. 0-0 a6 8. Bd3 fxe5 9. dxe5 Nge7 10. Ne2 0-0 11. Ng3 Qe8 12. a3 Bc5 13. b4 Ba7 14. Re1 Ng6 1/2-1/2

[Event "SRB-chT 1st League"]
[Site "Banja Vrujci"]
[Date "2017.09.16"]
[Round "1.4"]
[White "Simic, Dragisa"]
[Black "Mijailovic, Zoran"]
[Result "1/2-1/2"]
[WhiteElo "2306"]
[BlackElo "2409"]
[PlyCount "23"]
[EventDate "2017.09.16"]
[EventType "team"]
[EventRounds "11"]
[EventCountry "SRB"]
[SourceTitle "CBM 180 Extra"]
[Source "ChessBase"]
[SourceDate "2017.10.06"]
[SourceVersion "1"]
[SourceVersionDate "2017.10.06"]
[SourceQuality "1"]
[WhiteTeam "Kosovska Mitrovica"]
[BlackTeam "Despotovac Sloga"]
[WhiteTeamCountry "SRB"]
[BlackTeamCountry "SRB"]

1. Nf3 Nf6 2. g3 d5 3. Bg2 c6 4. 0-0 Bg4 5. d3 Nbd7 6. c4 Bxf3 7. exf3 e6 8. Nc3 Be7 9. f4 dxc4 10. dxc4 0-0 11. Qc2 Qc7 12. b3 1/2-1/2

[Event "SRB-chT2 West CS"]
[Site "Serbia"]
[Date "2016.10.08"]
[Round "10.5"]
[White "Markovic, Dragan P"]
[Black "Simic, Dragisa"]
[Result "0-1"]
[WhiteElo "2237"]
[BlackElo "2290"]
[PlyCount "76"]
[EventDate "2016.09.04"]
[EventType "team-tourn"]
[EventRounds "11"]
[EventCountry "SRB"]
[SourceTitle "EXT 2018"]
[Source "ChessBase"]
[SourceDate "2017.10.13"]
[SourceVersion "1"]
[SourceVersionDate "2017.10.13"]
[SourceQuality "1"]

1. e4 e6 2. d4 d5 3. Nd2 Be7 4. c3 Nf6 5. e5 Nfd7 6. f4 c5 7. Ndf3 b6 8. Bd3 Ba6 9. Bxa6 Nxa6 10. f5 exf5 11. Qd3 Qc8 12. Qxf5 cxd4 13. Nxd4 g6 14. Qf4 Nac5 15. Qe3 Nxe5 16. Ngf3 Ncd3+ 17. Kd1 Ng4 18. Qe2 Ndf2+ 19. Kc2 Nxh1 20. Bg5 f6 21. Re1 0-0 22. Rxh1 Bd6 23. Bd2 Re8 24. Qb5 Qb7 25. Kb1 a6 26. Qb3 Kg7 27. h3 Ne5 28. Nh4 Bc5 29. Nc2 Nc4 30. Bc1 b5 31. Rd1 Rad8 32. Nd4 Bxd4 33. Rxd4 Re4 34. Qd1 Qe7 35. Nf3 Rxd4 36. Nxd4 Qe4+ 37. Ka1 Re8 38. b3 Ne3 0-1

[Event "SRB-chT2 West"]
[Site "Kragujevac"]
[Date "2015.10.11"]
[Round "11.6"]
[White "Vujic, Luka"]
[Black "Simic, Dragisa"]
[Result "1/2-1/2"]
[WhiteElo "2219"]
[BlackElo "2309"]
[PlyCount "130"]
[EventDate "2015.09.04"]
[EventType "team-tourn"]
[EventRounds "11"]
[EventCountry "SRB"]
[SourceTitle "EXT 2022"]
[Source "ChessBase"]
[SourceDate "2021.10.06"]
[SourceVersion "1"]
[SourceVersionDate "2021.10.06"]
[SourceQuality "1"]

1. c4 Nf6 2. g3 g6 3. Bg2 Bg7 4. Nc3 0-0 5. d4 d6 6. e3 c5 7. Nge2 Nc6 8. d5 Na5 9. b3 a6 10. a4 Rb8 11. 0-0 Bd7 12. Bd2 e5 13. dxe6 fxe6 14. Ra2 Nc6 15. Be1 Qc7 16. Rd2 Rfd8 17. Rxd6 Nd4 18. Rxd4 cxd4 19. exd4 b5 20. axb5 axb5 21. cxb5 Bxb5 22. Nxb5 Rxb5 23. Nf4 Qb6 24. Qe2 Rxb3 25. Nxe6 Re8 26. Bh3 Rb2 27. Qc4 Qb3 28. Qxb3 Rxb3 29. Nc7 Re7 30. Be6+ Rxe6 31. Nxe6 Nd5 32. Nxg7 Kxg7 33. Ba5 Rd3 34. Rb1 h5 35. Bd8 Kf7 36. Bg5 Rxd4 37. Re1 Nf6 38. h3 Ra4 39. Kg2 Rc4 40. Re5 Rc7 41. Ra5 Rc6 42. Bf4 Ke6 43. Re5+ Kf7 44. Kf3 Ra6 45. Rc5 Ke6 46. Re5+ Kf7 47. Be3 Rc6 48. Rc5 Rxc5 49. Bxc5 Nd7 50. Bd4 Nf8 51. Ke4 Ne6 52. h4 Nf8 53. Kd5 Nd7 54. Kd6 Nf8 55. Be3 Kf6 56. Bd4+ Kf5 57. Ke7 Ne6 58. Be3 Nc7 59. Kf7 Nd5 60. Bg5 Nc3 61. f3 Ne2 62. g4+ hxg4 63. fxg4+ Kxg4 64. Kxg6 Nf4+ 65. Kh7 Ng2 1/2-1/2

[Event "SRB-chT2 West"]
[Site "Kragujevac"]
[Date "2015.10.09"]
[Round "7.6"]
[White "Ljubinkovic, Miodrag"]
[Black "Simic, Dragisa"]
[Result "1/2-1/2"]
[WhiteElo "2256"]
[BlackElo "2309"]
[PlyCount "72"]
[EventDate "2015.09.04"]
[EventType "team-tourn"]
[EventRounds "11"]
[EventCountry "SRB"]
[SourceTitle "EXT 2022"]
[Source "ChessBase"]
[SourceDate "2021.10.06"]
[SourceVersion "1"]
[SourceVersionDate "2021.10.06"]
[SourceQuality "1"]

1. d4 Nf6 2. c3 g6 3. Nf3 Bg7 4. Bf4 0-0 5. e3 d6 6. Bc4 c5 7. Nbd2 Nc6 8. a3 Qb6 9. b4 cxd4 10. exd4 e5 11. dxe5 Ng4 12. 0-0 dxe5 13. Bg3 Kh8 14. Qb3 f6 15. Ne4 Nh6 16. Nc5 Na5 17. bxa5 Qxc5 18. Qb4 Qc7 19. Rfe1 Bg4 20. Bd5 Rab8 21. h3 Bd7 22. c4 Nf5 23. Bh2 Bc6 24. Rad1 Ne7 25. Nd4 Nxd5 26. cxd5 Bxd5 27. Nb5 Qc4 28. Nxa7 Rfd8 29. Qb6 Re8 30. Nb5 Qc6 31. Nc7 Red8 32. Rc1 Qxb6 33. axb6 Bc6 34. f4 exf4 35. Bxf4 Rbc8 36. Rcd1 Bf8 1/2-1/2

[Event "MNT-chT1"]
[Site "Bar"]
[Date "2015.10.03"]
[Round "8"]
[White "Miljkovic, Miroslav D"]
[Black "Simic, Dragisa"]
[Result "1/2-1/2"]
[WhiteElo "2493"]
[BlackElo "2309"]
[PlyCount "43"]
[EventDate "2015.09.26"]
[EventType "team-tourn"]
[EventRounds "9"]
[EventCountry "MNE"]
[SourceTitle "EXT 2017"]
[Source "ChessBase"]
[SourceDate "2016.10.25"]
[SourceVersion "1"]
[SourceVersionDate "2016.10.25"]
[SourceQuality "1"]

1. d4 Nf6 2. c4 g6 3. Nc3 Bg7 4. e4 d6 5. h3 0-0 6. Nf3 c5 7. d5 e6 8. Bd3 exd5 9. exd5 Re8+ 10. Be3 Bh6 11. 0-0 Bxe3 12. fxe3 Nbd7 13. Qd2 Rf8 14. e4 Ne8 15. Rf2 f6 16. Raf1 Qe7 17. Qf4 Ne5 18. Nxe5 dxe5 19. Qh4 Kg7 20. Rf3 Bd7 21. Qf2 b6 22. Nd1 1/2-1/2

[Event "MNT-chT1"]
[Site "Bar"]
[Date "2015.10.02"]
[Round "7"]
[White "Simic, Dragisa"]
[Black "Tadic, Branko"]
[Result "1/2-1/2"]
[WhiteElo "2309"]
[BlackElo "2488"]
[PlyCount "37"]
[EventDate "2015.09.26"]
[EventType "team-tourn"]
[EventRounds "9"]
[EventCountry "MNE"]
[SourceTitle "EXT 2017"]
[Source "ChessBase"]
[SourceDate "2016.10.25"]
[SourceVersion "1"]
[SourceVersionDate "2016.10.25"]
[SourceQuality "1"]

1. e4 c5 2. Nf3 Nf6 3. d3 Nc6 4. g3 g6 5. Bg2 d5 6. Nbd2 Bg7 7. 0-0 0-0 8. c3 e5 9. Re1 h6 10. Qb3 c4 11. dxc4 dxe4 12. Nxe4 Nxe4 13. Rxe4 f5 14. c5+ Kh8 15. Rh4 e4 16. Bg5 Qa5 17. Nd4 Qxc5 18. Rd1 Ne5 19. Rxh6+ 1/2-1/2

[Event "MNT-chT1"]
[Site "Bar"]
[Date "2015.09.28"]
[Round "3"]
[White "Simic, Dragisa"]
[Black "Potpara, Nikola"]
[Result "0-1"]
[WhiteElo "2309"]
[BlackElo "2406"]
[PlyCount "62"]
[EventDate "2015.09.26"]
[EventType "team-tourn"]
[EventRounds "9"]
[EventCountry "MNE"]
[SourceTitle "EXT 2017"]
[Source "ChessBase"]
[SourceDate "2016.10.25"]
[SourceVersion "1"]
[SourceVersionDate "2016.10.25"]
[SourceQuality "1"]

1. e4 c5 2. Nf3 e6 3. d4 cxd4 4. Nxd4 Nc6 5. Nc3 Qc7 6. Be2 Nf6 7. Be3 a6 8. f4 Bb4 9. Qd3 d5 10. e5 Ne4 11. 0-0 Nc5 12. Qd1 Ne7 13. Ndb5 axb5 14. Nxb5 Qc6 15. Nd6+ Kf8 16. Bb5 Qc7 17. a3 Ba5 18. b4 Bb6 19. Ne8 Na6 20. Nxc7 Bxe3+ 21. Kh1 Nxc7 22. Bd3 h5 23. c4 g6 24. c5 h4 25. Rf3 d4 26. b5 Ncd5 27. a4 Kg7 28. a5 Bd7 29. Rf1 Nc3 30. Qb3 h3 31. g3 Rhc8 0-1

[Event "MNT-chT1"]
[Site "Bar"]
[Date "2015.09.26"]
[Round "1"]
[White "Simic, Dragisa"]
[Black "Savic, Miodrag R"]
[Result "0-1"]
[WhiteElo "2309"]
[BlackElo "2503"]
[PlyCount "50"]
[EventDate "2015.09.26"]
[EventType "team-tourn"]
[EventRounds "9"]
[EventCountry "MNE"]
[SourceTitle "EXT 2017"]
[Source "ChessBase"]
[SourceDate "2016.10.25"]
[SourceVersion "1"]
[SourceVersionDate "2016.10.25"]
[SourceQuality "1"]

1. e4 d5 2. exd5 Qxd5 3. Nc3 Qa5 4. d4 c6 5. Bc4 Bf5 6. Nge2 e6 7. Ng3 Bg6 8. 0-0 Nd7 9. Nce2 Bd6 10. Nf4 Ngf6 11. c3 Nd5 12. Qf3 Qc7 13. Nxg6 hxg6 14. h3 N7f6 15. Re1 0-0-0 16. Ne4 Nxe4 17. Rxe4 Rh5 18. Bd2 Nf6 19. Ree1 Rdh8 20. Bf1 Rf5 21. Qe2 Bh2+ 22. Kh1 Rh4 23. Be3 Bf4 24. g3 Bxe3 25. Qxe3 Ng4 0-1

[Event "SRB-chT2 West"]
[Site "Kragujevac"]
[Date "2015.09.05"]
[Round "2.1"]
[White "Bojanic, Bratislav"]
[Black "Simic, Dragisa"]
[Result "1-0"]
[WhiteElo "2242"]
[BlackElo "2309"]
[PlyCount "62"]
[EventDate "2015.09.04"]
[EventType "team-tourn"]
[EventRounds "11"]
[EventCountry "SRB"]
[SourceTitle "EXT 2022"]
[Source "ChessBase"]
[SourceDate "2021.10.06"]
[SourceVersion "1"]
[SourceVersionDate "2021.10.06"]
[SourceQuality "1"]

1. e4 e6 2. d4 d5 3. Nd2 Be7 4. Ngf3 Nf6 5. Bd3 c5 6. exd5 Nxd5 7. dxc5 Bxc5 8. Nb3 Be7 9. c3 Nc6 10. 0-0 0-0 11. Re1 Qc7 12. Qe2 Nf4 13. Bxf4 Qxf4 14. Rad1 Rd8 15. Nbd4 Bd7 16. Be4 Be8 17. Bxc6 bxc6 18. Nxe6 fxe6 19. Qxe6+ Bf7 20. Qxe7 Rxd1 21. Rxd1 Bxa2 22. Rd8+ Rxd8 23. Qxd8+ Qf8 24. Qxf8+ Kxf8 25. Ne5 Bd5 26. c4 Be6 27. b3 c5 28. Nd3 Ke7 29. Nxc5 Bf5 30. b4 Kd6 31. f4 Kc6 1-0

[Event "SRB-chT2 West"]
[Site "Kragujevac"]
[Date "2015.09.05"]
[Round "3.1"]
[White "Simic, Dragisa"]
[Black "Toth, Aleksandar"]
[Result "1/2-1/2"]
[WhiteElo "2309"]
[BlackElo "2326"]
[PlyCount "21"]
[EventDate "2015.09.04"]
[EventType "team-tourn"]
[EventRounds "11"]
[EventCountry "SRB"]
[SourceTitle "EXT 2022"]
[Source "ChessBase"]
[SourceDate "2021.10.06"]
[SourceVersion "1"]
[SourceVersionDate "2021.10.06"]
[SourceQuality "1"]

1. e4 d5 2. exd5 Qxd5 3. Nc3 Qd6 4. d4 Nf6 5. Nf3 a6 6. Bd3 Bg4 7. 0-0 Nc6 8. Ne4 Nxe4 9. Bxe4 0-0-0 10. h3 Bh5 11. Be3 1/2-1/2